LEADER 01150nam a2200289 u 4500 001 000000150305 003 CaOOAMICUS 005 20160310171955.0 008 160310s1993 vc u000 u ita u 032 $aLibriCat 040 $aPUL$bita 082 14$a294.5 100 1 $aAcharuparambil, Daniel.$0(OLS)http://pul/name/14224 245 10$aInduismo religione e filosofia /$cDaniel Acharuparambil. 260 $aRoma :$bUrbaniana University Press,$c1996. 300 $a591 p. ;$c22 cm 490 1 $aPontificia Universitas Urbaniana. Subsidia Urbaniana ;$v60 504 $aBibliografia: p. 377-396. 650 4$aInduismo.$0(OLS)http://pul/subject/21774 830 0$aSubsidia Urbaniana ;$v60.$0(OLS)http://pul/title/7818 850 $aPUL 852 $aPUL$W1$xSL Religione 3$y85$m294. 5 ACHDA 1$j172869$qDDC 21$B174811$CPULBib$Z2$F174811 $H127460 $81 941 1 $a9 996 $6082$a294.5$9(OLS)http://pul/classification/754 996 $6245$aInduismo religione e filosofia$9(OLS)http://pul/title/189412 996 $6260$aRoma :$bUrbaniana University Press$9(OLS)http://pul/publisher/62281 LEADER 01273nam a2200277 a 4500 001 000000162586 003 CaOOAMICUS 005 20170911161352.0 006 a 000 u 008 170911s1993 it m 001 u ger r 032 $aLibriCat 040 $aPUL$bita 100 1 $aGalvez, José Antonio Santos.$0(OLS)http://pul/name/104323 245 14$aThe apostolate of the lay in the early evangelization of the Philippines / $cJosé Antonio Santos Galvez . 260 $aRoma :$b[s.n.],$c1993. 300 $a193 p. ; $c25 cm. 502 $aTesi -- Pontificia Università Gregoriana. Facoltà di Missiologia. 1993. 504 $aBibliografia in nota a piè pagina. 651 4$aFilippine (isole)$xStoria ecclesiastica.$0(OLS)http://pul/subject/23347 710 2 $aPontificia Università Gregoriana.$bFacoltà di missiologia.$kTesi.$0(OLS)http://pul/name/82191 850 $aPUL 852 $aPUL$W1$xDP1 Tesi Pon. Univ. Gregoriana$y40$mTH PUG 3909$j186557$qTesi$B189801$CPULBib$Z2$F189801 $H72752 $82 941 1 $a16 996 $6245$aThe apostolate of the lay in the early evangelization of the Philippines / $9(OLS)http://pul/title/202337 996 $6260$aRoma :$b[s.n.]$9(OLS)http://pul/publisher/47958